[Event "Mitropa Cup (Women) 9th"]
[Site "Sibenik"]
[Date "2012.06.05"]
[Round "5"]
[White "Novkovic, Julia"]
[Black "Edes, Zsofia"]
[Result "0-1"]
[WhiteElo "2063"]
[BlackElo "2088"]
[PlyCount "104"]
[EventDate "2012.05.31"]
[EventType "team-tourn"]
[EventRounds "7"]
[EventCountry "CRO"]
[Source "ChessBase"]
[SourceDate "2012.06.22"]
[WhiteTeam "Austria (W)"]
[BlackTeam "Slovakia (W)"]
[WhiteTeamCountry "AUT"]
[BlackTeamCountry "SVK"]

1. e4 c5 2. Ne2 a6 3. Nbc3 b5 4. d4 b4 5. Nd5 e6 6. Ne3 cxd4 7. Nxd4 Bb7 8. Bd3
Nc6 9. Nxc6 Bxc6 10. O-O Qc7 11. Re1 Bd6 12. Nf1 Be5 13. Qe2 Nf6 14. a3 a5 15.
axb4 axb4 16. Rxa8+ Bxa8 17. h3 O-O 18. Nd2 d5 19. exd5 Bh2+ 20. Kf1 Nxd5 21.
g3 Bxg3 22. fxg3 Qxg3 23. Ne4 Qxh3+ 24. Qg2 Qxg2+ 25. Kxg2 b3 26. Kf2 Nb4 27.
Bd2 Nxc2 28. Bxc2 bxc2 29. Bc1 Rd8 30. Nc3 Bd5 31. Nxd5 Rxd5 32. Re3 h6 33. Rc3
g5 34. Rxc2 f5 35. Rc7 e5 36. b4 e4 37. Re7 Rd1 38. Be3 f4 39. Bc5 e3+ 40. Kf3
Rd2 41. Kg4 Rc2 42. Kh5 Kf8 43. Re4+ Kf7 44. Kg4 Kf6 45. Be7+ Kg6 46. Re6+ Kf7
47. Kf5 f3 48. Rxe3 f2 49. Rf3 Kxe7 50. Kg4 Rc4+ 51. Kg3 Rc3 52. Kxf2 Rxf3+ 0-1

[Event "Mitropa Cup (Women) 9th"]
[Site "Sibenik"]
[Date "2012.06.05"]
[Round "5"]
[White "Berke, Ana"]
[Black "Rozic, Vesna"]
[Result "1/2-1/2"]
[WhiteElo "2153"]
[BlackElo "2254"]
[PlyCount "107"]
[EventDate "2012.05.31"]
[EventType "team-tourn"]
[EventRounds "7"]
[EventCountry "CRO"]
[Source "ChessBase"]
[SourceDate "2012.06.22"]
[WhiteTeam "Croatia (W)"]
[BlackTeam "Slovenia (W)"]
[WhiteTeamCountry "CRO"]
[BlackTeamCountry "SLO"]

1. e4 e6 2. d4 d5 3. Nd2 c5 4. Ngf3 Nc6 5. exd5 exd5 6. Bb5 Bd6 7. dxc5 Bxc5 8.
Nb3 Bd6 9. O-O Nge7 10. Re1 O-O 11. Bg5 Bg4 12. Be2 h6 13. Bxe7 Bxe7 14. Nfd4
Bxe2 15. Qxe2 Bf6 16. Rad1 Nxd4 17. Nxd4 Qb6 18. c3 Rae8 19. Qxe8 Rxe8 20.
Rxe8+ Kh7 21. Re2 Qa6 22. Red2 Bxd4 23. Rxd4 Qxa2 24. R4d2 a6 25. h3 b5 26. Re1
b4 27. cxb4 Qc4 28. Red1 Qxb4 29. Rxd5 Qxb2 30. Ra5 Qe2 31. Rda1 Qb2 32. Rxa6
Qc3 33. Ra7 Qd4 34. g3 f6 35. h4 h5 36. R7a4 Qd7 37. Ra5 Kg6 38. Rb1 Qe7 39.
Rab5 Qe2 40. Rb7 Qe4 41. R1b4 Qe1+ 42. Kg2 Qe2 43. Rc7 Kh6 44. Rc5 Kg6 45. Rcc4
Qe5 46. Rd4 Kh6 47. Rd7 Qe2 48. Rdd4 Qe5 49. g4 hxg4 50. Rxg4 Qd5+ 51. Kg1 Qd1+
52. Kg2 Qd5+ 53. Kg1 Qd1+ 54. Kg2 1/2-1/2

[Event "Mitropa Cup (Women) 9th"]
[Site "Sibenik"]
[Date "2012.06.05"]
[Round "5"]
[White "Krivec, Jana"]
[Black "Medic, Mirjana"]
[Result "1/2-1/2"]
[WhiteElo "2251"]
[BlackElo "2241"]
[PlyCount "37"]
[EventDate "2012.05.31"]
[EventType "team-tourn"]
[EventRounds "7"]
[EventCountry "CRO"]
[Source "ChessBase"]
[SourceDate "2012.06.22"]
[WhiteTeam "Slovenia (W)"]
[BlackTeam "Croatia (W)"]
[WhiteTeamCountry "SLO"]
[BlackTeamCountry "CRO"]

1. e4 e6 2. d4 d5 3. Nd2 Nf6 4. Bd3 c5 5. c3 cxd4 6. cxd4 dxe4 7. Nxe4 Nc6 8.
Nf3 Be7 9. O-O O-O 10. Be3 Nb4 11. Nxf6+ Bxf6 12. Be4 Nd5 13. Qd3 h6 14. Ne5
Nxe3 15. Qxe3 Bd7 16. Bc2 Bxe5 17. dxe5 Bc6 18. Rfd1 Qg5 19. Qxg5 1/2-1/2

[Event "Mitropa Cup (Women) 9th"]
[Site "Sibenik"]
[Date "2012.06.05"]
[Round "5"]
[White "Bea, Boglarka"]
[Black "Miturova, Magdalena"]
[Result "0-1"]
[WhiteElo "2110"]
[BlackElo "2064"]
[PlyCount "94"]
[EventDate "2012.05.31"]
[EventType "team-tourn"]
[EventRounds "7"]
[EventCountry "CRO"]
[Source "ChessBase"]
[SourceDate "2012.06.22"]
[WhiteTeam "Hungary (W)"]
[BlackTeam "Czech Republic (W)"]
[WhiteTeamCountry "HUN"]
[BlackTeamCountry "CZE"]

1. c4 e5 2. g3 Nf6 3. Bg2 d5 4. cxd5 Nxd5 5. Nc3 Nb6 6. Nf3 Nc6 7. O-O Be7 8.
a3 O-O 9. b4 Be6 10. Rb1 f6 11. d3 Nd4 12. Nd2 c6 13. Bb2 Bf7 14. Nf3 Re8 15.
Nxd4 exd4 16. Ne4 a5 17. Ba1 axb4 18. axb4 Na4 19. Qc2 Bf8 20. Bf3 Re5 21. e3
Rf5 22. Be2 dxe3 23. fxe3 Rxf1+ 24. Bxf1 Nb6 25. Bd4 Nd5 26. b5 f5 27. Nc5 cxb5
28. Nxb7 Qe8 29. Qb2 b4 30. Nc5 Rc8 31. Nb3 Rd8 32. Re1 Nc3 33. Bb6 Ra8 34. Nc1
Na4 35. Qd4 Nxb6 36. Qxb6 b3 37. Ne2 Rb8 38. Qd4 Rb4 39. Qa7 Ra4 40. Qb6 Rb4
41. Qa7 b2 42. Nc3 Qc8 43. Nb1 Rb7 44. Qa4 Rc7 45. d4 Rc1 46. Rd1 Qe6 47. Kf2
Qa2 0-1

[Event "Mitropa Cup (Women) 9th"]
[Site "Sibenik"]
[Date "2012.06.05"]
[Round "5"]
[White "Mareckova, Martina"]
[Black "Varga, Klara"]
[Result "1-0"]
[WhiteElo "2089"]
[BlackElo "2193"]
[PlyCount "77"]
[EventDate "2012.05.31"]
[EventType "team-tourn"]
[EventRounds "7"]
[EventCountry "CRO"]
[Source "ChessBase"]
[SourceDate "2012.06.22"]
[WhiteTeam "Czech Republic (W)"]
[BlackTeam "Hungary (W)"]
[WhiteTeamCountry "CZE"]
[BlackTeamCountry "HUN"]

1. e4 e6 2. d3 d5 3. Nd2 Nf6 4. Ngf3 b6 5. g3 dxe4 6. dxe4 Bb7 7. Qe2 Ba6 8.
Nc4 Nc6 9. Bg5 e5 10. Rd1 Qe7 11. c3 Qe6 12. b4 Be7 13. a4 Nxb4 14. cxb4 Bxb4+
15. Bd2 Bc5 16. Nfxe5 Bxc4 17. Nxc4 Nxe4 18. Bg2 O-O 19. Bxe4 Rae8 20. Bxh7+
Kxh7 21. Qxe6 Rxe6+ 22. Be3 Re4 23. Rc1 Bxe3 24. fxe3 a6 25. O-O f6 26. Rf4 Re6
27. Kf2 Rfe8 28. Rc3 Rc6 29. Rd3 Re7 30. Nd2 Rc2 31. Rc4 Ra2 32. Kf3 c5 33. h4
Rc7 34. Ne4 Kg6 35. Rd6 Rb2 36. a5 bxa5 37. Rxa6 Rb5 38. Nd6 Rb4 39. Rxa5 1-0

[Event "Mitropa Cup (Women) 9th"]
[Site "Sibenik"]
[Date "2012.06.05"]
[Round "5"]
[White "Sedina, Elena"]
[Black "Bochis, Julia"]
[Result "1-0"]
[WhiteElo "2337"]
[BlackElo "2145"]
[PlyCount "123"]
[EventDate "2012.05.31"]
[EventType "team-tourn"]
[EventRounds "7"]
[EventCountry "CRO"]
[Source "ChessBase"]
[SourceDate "2012.06.22"]
[WhiteTeam "Italy (W)"]
[BlackTeam "Germany (W)"]
[WhiteTeamCountry "ITA"]
[BlackTeamCountry "GER"]

1. e4 c5 2. Nf3 e6 3. c3 Nf6 4. e5 Nd5 5. d4 cxd4 6. cxd4 d6 7. Bc4 Nb6 8. Bd3
Nc6 9. O-O Nb4 10. Bg5 Be7 11. Bxe7 Qxe7 12. Nc3 Nxd3 13. Qxd3 dxe5 14. dxe5
O-O 15. Ne4 h6 16. Rad1 Bd7 17. Nd4 Rac8 18. Nd6 Rc7 19. Qg3 Qg5 20. Qxg5 hxg5
21. Rc1 Rxc1 22. Rxc1 Nd5 23. Nxb7 Rb8 24. Nc5 Be8 25. b3 Kf8 26. f3 g4 27. Kf2
gxf3 28. gxf3 Rb4 29. Nc2 Rb5 30. Nd4 Rb4 31. Ne2 Ke7 32. a3 Rb6 33. Rg1 g6 34.
Nd4 a5 35. Rc1 Kd8 36. Ne4 Bd7 37. Rc5 a4 38. b4 Nf4 39. Ke3 Nd5+ 40. Kd3 Ke7
41. Ra5 f6 42. exf6+ Nxf6 43. Nxf6 Kxf6 44. f4 Rb8 45. Ra7 Be8 46. Ra6 Bd7 47.
Ra7 Be8 48. Rc7 e5 49. Nc6 Bxc6 50. Rxc6+ Kf5 51. fxe5 Rh8 52. Kd4 Rxh2 53.
Rf6+ Kg5 54. b5 Rd2+ 55. Kc4 Rc2+ 56. Kb4 Re2 57. b6 Kh5 58. Kxa4 g5 59. Rf8
Rb2 60. Ka5 g4 61. e6 g3 62. e7 1-0

[Event "Mitropa Cup (Women) 9th"]
[Site "Sibenik"]
[Date "2012.06.06"]
[Round "6"]
[White "Rozic, Vesna"]
[Black "Froewis, Annika"]
[Result "1/2-1/2"]
[WhiteElo "2254"]
[BlackElo "1989"]
[PlyCount "87"]
[EventDate "2012.05.31"]
[EventType "team-tourn"]
[EventRounds "7"]
[EventCountry "CRO"]
[Source "ChessBase"]
[SourceDate "2012.06.22"]
[WhiteTeam "Slovenia (W)"]
[BlackTeam "Austria (W)"]
[WhiteTeamCountry "SLO"]
[BlackTeamCountry "AUT"]

1. d4 Nf6 2. Nf3 c5 3. d5 e6 4. Nc3 exd5 5. Nxd5 Nxd5 6. Qxd5 Qe7 7. Bg5 Qe6 8.
O-O-O Qxd5 9. Rxd5 Nc6 10. a3 d6 11. e4 Be6 12. Rd2 f6 13. Be3 O-O-O 14. Be2
Be7 15. Rhd1 Rd7 16. Ne1 Rhd8 17. Nd3 g5 18. h3 Ne5 19. Nxe5 dxe5 20. Bg4 Bxg4
21. hxg4 Rxd2 22. Bxd2 Bf8 23. Rh1 Rd7 24. Be3 b6 25. c4 Kc7 26. Kc2 Kc6 27. b3
a6 28. a4 a5 29. Bc1 Bd6 30. Rd1 Rg7 31. Kd3 Kd7 32. Ke2 Ke6 33. g3 Rg8 34. Rh1
Rg7 35. Rh6 Bf8 36. Be3 Rd7 37. Rh5 Rg7 38. Rh1 Rd7 39. f4 h6 40. fxg5 hxg5 41.
Rh8 Kf7 42. Rh7+ Ke6 43. Rh5 Kf7 44. Rh7+ 1/2-1/2

[Event "Mitropa Cup (Women) 9th"]
[Site "Sibenik"]
[Date "2012.06.06"]
[Round "6"]
[White "Brunello, Marina"]
[Black "Berke, Ana"]
[Result "0-1"]
[WhiteElo "2267"]
[BlackElo "2153"]
[PlyCount "62"]
[EventDate "2012.05.31"]
[EventType "team-tourn"]
[EventRounds "7"]
[EventCountry "CRO"]
[Source "ChessBase"]
[SourceDate "2012.06.22"]
[WhiteTeam "Italy (W)"]
[BlackTeam "Croatia (W)"]
[WhiteTeamCountry "ITA"]
[BlackTeamCountry "CRO"]

1. e4 c5 2. Nf3 d6 3. d4 cxd4 4. Qxd4 Bd7 5. c4 Nc6 6. Qe3 Nf6 7. h3 g6 8. Be2
Bg7 9. O-O O-O 10. Rd1 Rc8 11. Nc3 Na5 12. Nd2 Be6 13. Nd5 Nxd5 14. exd5 Bf5
15. a4 Re8 16. Ra3 e6 17. Qf3 exd5 18. cxd5 Rxc1 19. Rxc1 Bxb2 20. Re1 Bxa3 21.
Qxa3 Re5 22. Qf3 Qg5 23. Qc3 Bxh3 24. g3 Qe7 25. Qxa5 Rxe2 26. Rd1 Re1+ 27.
Rxe1 Qxe1+ 28. Kh2 Bf5 29. Kg2 b6 30. Qb4 Qe5 31. Qc4 h5 0-1

[Event "Mitropa Cup (Women) 9th"]
[Site "Sibenik"]
[Date "2012.06.06"]
[Round "6"]
[White "Medic, Mirjana"]
[Black "Sedina, Elena"]
[Result "1/2-1/2"]
[WhiteElo "2241"]
[BlackElo "2337"]
[PlyCount "223"]
[EventDate "2012.05.31"]
[EventType "team-tourn"]
[EventRounds "7"]
[EventCountry "CRO"]
[Source "ChessBase"]
[SourceDate "2012.06.22"]
[WhiteTeam "Croatia (W)"]
[BlackTeam "Italy (W)"]
[WhiteTeamCountry "CRO"]
[BlackTeamCountry "ITA"]

1. d4 d5 2. c4 dxc4 3. Nf3 Nf6 4. e3 Bg4 5. Bxc4 e6 6. Nc3 Nbd7 7. h3 Bh5 8.
O-O Bb4 9. Be2 c5 10. Nb5 cxd4 11. a3 Be7 12. Nfxd4 Bxe2 13. Qxe2 O-O 14. Nc3
Rc8 15. e4 Qc7 16. Be3 a6 17. Rac1 Qb8 18. f4 Nc5 19. e5 Nfe4 20. Nxe4 Nxe4 21.
Qf3 Nc5 22. Rfd1 Rfd8 23. Bf2 Nd7 24. Ne2 Rxc1 25. Rxc1 Rc8 26. Rxc8+ Qxc8 27.
Nc3 b5 28. Kh2 g6 29. Bd4 Qc4 30. Qe3 Nc5 31. b4 Nd7 32. Ne4 Qd5 33. Bc5 Bxc5
34. bxc5 Kg7 35. Kg3 a5 36. Nc3 Qc4 37. Ne4 b4 38. axb4 axb4 39. Kh2 Qd5 40.
Kg3 b3 41. Nf6 Qxc5 42. Qxb3 Nxf6 43. exf6+ Kxf6 44. Qd3 h5 45. Qd8+ Kg7 46.
Qd3 Qf5 47. Qd4+ Qf6 48. Qe3 Qf5 49. Qd4+ Kh7 50. Qe3 Qd5 51. Qc3 g5 52. fxg5
Qxg5+ 53. Kf2 Kg6 54. Qc8 Qf4+ 55. Ke2 Kg7 56. Qb7 e5 57. Qe7 h4 58. Ke1 Kg6
59. Ke2 Qc4+ 60. Ke1 Qe4+ 61. Kf2 Qf4+ 62. Ke2 Qc4+ 63. Kf2 f6 64. Qe8+ Kg5 65.
Qe7 Qd4+ 66. Kf3 Qc3+ 67. Ke2 Qb2+ 68. Kf3 Qb3+ 69. Ke2 Qb5+ 70. Ke1 Qa5+ 71.
Ke2 Qa6+ 72. Ke1 Qa5+ 73. Ke2 Qb5+ 74. Ke1 Kg6 75. Kf2 Qb2+ 76. Kf3 Qc3+ 77.
Ke2 Qc2+ 78. Kf3 Qd3+ 79. Kf2 Qd4+ 80. Ke2 Qd5 81. Qe8+ Kg5 82. Kf1 Kf4 83. Qg6
Qd1+ 84. Kf2 Qd4+ 85. Kf1 Ke3 86. Kg1 Ke2+ 87. Kh1 e4 88. Qg4+ Kd2 89. Qxh4
Qa1+ 90. Kh2 Qe5+ 91. Kg1 Qc5+ 92. Kh1 f5 93. Qf4+ e3 94. h4 Kd3 95. Qf3 Kd2
96. Qf4 Kd3 97. Qf3 Qe5 98. Qd1+ Ke4 99. h5 Qd4 100. Qf3+ Ke5 101. Qg3+ Kf6
102. Qg6+ Ke5 103. Qg3+ Kd5 104. Qg8+ Ke4 105. Qe6+ Kf4 106. h6 Qd1+ 107. Kh2
Qh5+ 108. Kg1 Qd1+ 109. Kh2 e2 110. h7 e1=Q 111. Qxe1 Qxe1 112. h8=Q 1/2-1/2

[Event "Mitropa Cup (Women) 9th"]
[Site "Sibenik"]
[Date "2012.06.06"]
[Round "6"]
[White "Edes, Zsofia"]
[Black "Miturova, Magdalena"]
[Result "0-1"]
[WhiteElo "2088"]
[BlackElo "2064"]
[PlyCount "84"]
[EventDate "2012.05.31"]
[EventType "team-tourn"]
[EventRounds "7"]
[EventCountry "CRO"]
[Source "ChessBase"]
[SourceDate "2012.06.22"]
[WhiteTeam "Slovakia (W)"]
[BlackTeam "Czech Republic (W)"]
[WhiteTeamCountry "SVK"]
[BlackTeamCountry "CZE"]

1. d4 d5 2. c4 Nc6 3. Nc3 dxc4 4. Nf3 Nf6 5. e4 Bg4 6. Be3 Bxf3 7. gxf3 e5 8.
d5 Ne7 9. Bxc4 a6 10. a4 Ng6 11. Qb3 Bd6 12. h4 Nh5 13. Bg5 f6 14. Be3 O-O 15.
Ne2 b5 16. Bd3 bxa4 17. Rxa4 Rb8 18. Qc2 a5 19. Rc4 Rb4 20. b3 Qb8 21. Nc1 Ngf4
22. Bf1 a4 23. bxa4 Rb2 24. Qc3 Qb7 25. Bc5 Rb8 26. Bxd6 cxd6 27. Rc7 Qb6 28.
Rc8+ Rxc8 29. Qxc8+ Kf7 30. Qd7+ Kg6 31. Rg1+ Kh6 32. Be2 Rxe2+ 33. Nxe2 Qb1+
34. Kd2 Qd3+ 35. Kc1 Nxe2+ 36. Kb2 Qc3+ 37. Ka2 Qc4+ 38. Ka3 Qc5+ 39. Kb2 Qb4+
40. Ka1 Qa3+ 41. Kb1 Qb3+ 42. Ka1 Nc3 0-1

[Event "Mitropa Cup (Women) 9th"]
[Site "Sibenik"]
[Date "2012.06.06"]
[Round "6"]
[White "Mareckova, Martina"]
[Black "Motycakova, Monika"]
[Result "1/2-1/2"]
[WhiteElo "2089"]
[BlackElo "2121"]
[PlyCount "47"]
[EventDate "2012.05.31"]
[EventType "team-tourn"]
[EventRounds "7"]
[EventCountry "CRO"]
[Source "ChessBase"]
[SourceDate "2012.06.22"]
[WhiteTeam "Czech Republic (W)"]
[BlackTeam "Slovakia (W)"]
[WhiteTeamCountry "CZE"]
[BlackTeamCountry "SVK"]

1. e4 e5 2. Nf3 Nc6 3. Bc4 Nf6 4. d3 Be7 5. O-O O-O 6. Re1 d6 7. c3 Na5 8. Bb5
a6 9. Ba4 b5 10. Bc2 c5 11. Nbd2 Re8 12. Nf1 h6 13. Ne3 Bf8 14. d4 Qc7 15. d5
c4 16. Nh4 g6 17. g4 Nb7 18. Kh1 Bg7 19. Qf3 Nc5 20. Rg1 Qe7 21. Nhg2 Qd7 22.
Nh4 Qe7 23. Nhg2 Qd7 24. Nh4 1/2-1/2

[Event "Mitropa Cup (Women) 9th"]
[Site "Sibenik"]
[Date "2012.06.06"]
[Round "6"]
[White "Schmidt, Jade"]
[Black "Bea, Boglarka"]
[Result "0-1"]
[WhiteElo "2103"]
[BlackElo "2110"]
[PlyCount "116"]
[EventDate "2012.05.31"]
[EventType "team-tourn"]
[EventRounds "7"]
[EventCountry "CRO"]
[Source "ChessBase"]
[SourceDate "2012.06.22"]
[WhiteTeam "Germany (W)"]
[BlackTeam "Hungary (W)"]
[WhiteTeamCountry "GER"]
[BlackTeamCountry "HUN"]

1. d4 Nf6 2. c4 g6 3. Nc3 d5 4. Nf3 Bg7 5. Bg5 Ne4 6. cxd5 Nxg5 7. Nxg5 e6 8.
Qd2 h6 9. Nh3 exd5 10. Qe3+ Kf8 11. Nf4 c6 12. Qf3 Kg8 13. e3 Kh7 14. Bd3 Qf6
15. g4 Re8 16. O-O-O Kg8 17. Qg3 Qd6 18. g5 hxg5 19. Qxg5 Qf6 20. Qg3 Bf5 21.
h4 Nd7 22. Rdg1 Bxd3 23. Nxd3 Qf5 24. Nf4 Bh6 25. Nce2 Nf6 26. h5 g5 27. Qh3
Qxh3 28. Nxh3 Ne4 29. f3 Nd6 30. Nxg5 Rxe3 31. Kd1 Kh8 32. f4 Rae8 33. Rg2 Rg8
34. Rgg1 Rge8 35. Rg2 f6 36. Nh3 Ne4 37. Nf2 Rxe2 38. Kxe2 Ng3+ 39. Kf3 Nxh1
40. Nxh1 Re4 41. Rg6 Rxf4+ 42. Kg3 Bg5 43. Nf2 Rxd4 44. Ng4 Rd3+ 45. Kg2 Rd2+
46. Kf3 Rxb2 47. Nxf6 Bxf6 48. Rxf6 Rxa2 49. h6 Rb2 50. Ke3 a5 51. Kd3 Rb4 52.
Kc3 d4+ 53. Kd3 c5 54. Rf5 b6 55. Rf6 a4 56. Rf7 a3 57. Ra7 b5 58. Rxa3 Ra4 0-1

[Event "Mitropa Cup (Women) 9th"]
[Site "Sibenik"]
[Date "2012.06.06"]
[Round "6"]
[White "Varga, Klara"]
[Black "Bochis, Julia"]
[Result "0-1"]
[WhiteElo "2193"]
[BlackElo "2145"]
[PlyCount "78"]
[EventDate "2012.05.31"]
[EventType "team-tourn"]
[EventRounds "7"]
[EventCountry "CRO"]
[Source "ChessBase"]
[SourceDate "2012.06.22"]
[WhiteTeam "Hungary (W)"]
[BlackTeam "Germany (W)"]
[WhiteTeamCountry "HUN"]
[BlackTeamCountry "GER"]

1. c4 Nf6 2. g3 g6 3. Bg2 Bg7 4. Nc3 O-O 5. e3 c6 6. Nge2 d5 7. cxd5 cxd5 8. d4
Nc6 9. Nf4 e6 10. Nd3 b6 11. b4 Qd6 12. Rb1 Bd7 13. O-O Rfc8 14. Qb3 a5 15. b5
Nb4 16. Ne5 Rxc3 17. Qxc3 Bxb5 18. Re1 Nd7 19. Nxd7 Qxd7 20. Qd2 Rc8 21. a3 Nc2
22. Rd1 Bf8 23. Bf1 Bxf1 24. Rxf1 Bxa3 25. Rxb6 Bb4 26. Qe2 Rc4 27. Bd2 Qc7 28.
Ra6 Kg7 29. h4 h5 30. Ra8 Na3 31. Bxb4 axb4 32. g4 Qb7 33. Ra4 Nb5 34. Ra5 Nc3
35. Qb2 hxg4 36. Kg2 Qe7 37. h5 Qf6 38. hxg6 Qf3+ 39. Kh2 Ne2 0-1

[Event "Mitropa Cup (Women) 9th"]
[Site "Sibenik"]
[Date "2012.06.07"]
[Round "7"]
[White "Froewis, Annika"]
[Black "Brunello, Marina"]
[Result "0-1"]
[WhiteElo "1989"]
[BlackElo "2267"]
[PlyCount "80"]
[EventDate "2012.05.31"]
[EventType "team-tourn"]
[EventRounds "7"]
[EventCountry "CRO"]
[Source "ChessBase"]
[SourceDate "2012.06.22"]
[WhiteTeam "Austria (W)"]
[BlackTeam "Italy (W)"]
[WhiteTeamCountry "AUT"]
[BlackTeamCountry "ITA"]

1. e4 c5 2. Nf3 d6 3. d4 cxd4 4. Nxd4 Nf6 5. Nc3 a6 6. Be3 e5 7. Nb3 Be7 8. f3
O-O 9. Qd2 Be6 10. O-O-O a5 11. Bb5 Nbd7 12. Qf2 Qc8 13. g4 Ne8 14. Na4 Bd8 15.
Kb1 Bc4 16. Bxc4 Qxc4 17. Nc3 a4 18. Nd2 Qc6 19. Nd5 b5 20. a3 Nc7 21. Nb4 Qb7
22. Nf1 Na6 23. c3 Nxb4 24. cxb4 Nf6 25. Ng3 Ra6 26. g5 Ne8 27. Qe2 g6 28. h4
Nc7 29. Ka1 Be7 30. f4 exf4 31. Bxf4 Ne6 32. Be3 Rc6 33. Qh2 Rfc8 34. h5 Rc2
35. Qh4 Bf8 36. h6 R8c4 37. Kb1 Qc8 38. Qg4 Rxb2+ 39. Ka1 Rcc2 40. Bc5 Nxc5 0-1

[Event "Mitropa Cup (Women) 9th"]
[Site "Sibenik"]
[Date "2012.06.07"]
[Round "7"]
[White "Zimina, Olga"]
[Black "Novkovic, Julia"]
[Result "1-0"]
[WhiteElo "2336"]
[BlackElo "2063"]
[PlyCount "97"]
[EventDate "2012.05.31"]
[EventType "team-tourn"]
[EventRounds "7"]
[EventCountry "CRO"]
[Source "ChessBase"]
[SourceDate "2012.06.22"]
[WhiteTeam "Italy (W)"]
[BlackTeam "Austria (W)"]
[WhiteTeamCountry "ITA"]
[BlackTeamCountry "AUT"]

1. e4 e5 2. Nf3 Nc6 3. Bc4 Nf6 4. d3 Be7 5. O-O O-O 6. Re1 d6 7. a4 Na5 8. Ba2
c5 9. Nc3 Nc6 10. Bg5 Ne8 11. Be3 Nc7 12. Nd5 Nxd5 13. Bxd5 Be6 14. c3 Bxd5 15.
exd5 Nb8 16. Qb3 b6 17. a5 Nd7 18. Nd2 f5 19. f4 g5 20. fxe5 Nxe5 21. d4 Ng6
22. dxc5 bxc5 23. Bxc5 Bf6 24. Bb4 Rf7 25. Nc4 Be5 26. Qc2 g4 27. Nxe5 Nxe5 28.
Bc5 Nf3+ 29. gxf3 dxc5 30. Re5 Qg5 31. fxg4 Kh8 32. h3 Raf8 33. Rf1 Qh4 34. Qg2
f4 35. Qf3 Qd8 36. a6 c4 37. Re6 Rd7 38. Rd1 Qb8 39. Rd2 Qb5 40. Qe4 Qc5+ 41.
Qd4+ Qxd4+ 42. Rxd4 Rb8 43. d6 Rb6 44. Re7 Rdxd6 45. Rxd6 Rxd6 46. Rxa7 Rb6 47.
Ra8+ Kg7 48. a7 Rb7 49. Rg8+ 1-0

[Event "Mitropa Cup (Women) 9th"]
[Site "Sibenik"]
[Date "2012.06.07"]
[Round "7"]
[White "Berke, Ana"]
[Black "Schmidt, Jade"]
[Result "1-0"]
[WhiteElo "2153"]
[BlackElo "2103"]
[PlyCount "101"]
[EventDate "2012.05.31"]
[EventType "team-tourn"]
[EventRounds "7"]
[EventCountry "CRO"]
[Source "ChessBase"]
[SourceDate "2012.06.22"]
[WhiteTeam "Croatia (W)"]
[BlackTeam "Germany (W)"]
[WhiteTeamCountry "CRO"]
[BlackTeamCountry "GER"]

1. e4 e6 2. d4 d5 3. Nd2 dxe4 4. Nxe4 Nd7 5. Bd3 Ngf6 6. Qe2 c5 7. Nf3 Be7 8.
dxc5 Nxc5 9. Nxc5 Bxc5 10. O-O O-O 11. Ne5 Qc7 12. Bg5 Be7 13. c4 Rd8 14. Rfd1
Qc5 15. a3 Qc7 16. Rac1 a5 17. c5 Rd5 18. Bf4 Qd8 19. c6 Bd6 20. Bc4 Rxd1+ 21.
Rxd1 Qe7 22. Ng6 hxg6 23. Bxd6 Qe8 24. c7 Bd7 25. Be5 a4 26. Bxf6 gxf6 27. Qd3
Bc6 28. Qd8 Bd5 29. Qxe8+ Rxe8 30. Bxd5 exd5 31. Kf1 Rc8 32. Rc1 Kf8 33. Ke2
Ke7 34. Kd3 Kd6 35. Kd4 Rxc7 36. Rxc7 Kxc7 37. Kxd5 Kb6 38. h4 f5 39. g3 Kc7
40. Kc5 Kd7 41. Kd5 Ke7 42. Ke5 f6+ 43. Kd5 Kd7 44. f3 Ke7 45. g4 fxg4 46. fxg4
Kf7 47. Kd6 Kf8 48. Ke6 Kg7 49. h5 f5 50. gxf5 gxh5 51. Ke7 1-0

[Event "Mitropa Cup (Women) 9th"]
[Site "Sibenik"]
[Date "2012.06.07"]
[Round "7"]
[White "Bochis, Julia"]
[Black "Medic, Mirjana"]
[Result "1-0"]
[WhiteElo "2145"]
[BlackElo "2241"]
[PlyCount "65"]
[EventDate "2012.05.31"]
[EventType "team-tourn"]
[EventRounds "7"]
[EventCountry "CRO"]
[Source "ChessBase"]
[SourceDate "2012.06.22"]
[WhiteTeam "Germany (W)"]
[BlackTeam "Croatia (W)"]
[WhiteTeamCountry "GER"]
[BlackTeamCountry "CRO"]

1. e4 e6 2. d4 d5 3. Nc3 Nf6 4. e5 Nfd7 5. f4 c5 6. Nf3 Nc6 7. Be3 a6 8. Qd2 b5
9. a3 Qb6 10. Ne2 c4 11. g4 Be7 12. f5 Nf8 13. Ng3 Rg8 14. Bg2 Bd7 15. O-O
O-O-O 16. b3 cxb3 17. cxb3 Kb8 18. Ne1 Bc8 19. Nd3 Na5 20. Qb2 Nd7 21. fxe6
fxe6 22. Rf7 Rde8 23. Nh5 Bf8 24. Kh1 Re7 25. Raf1 Rxf7 26. Rxf7 Qd8 27. Bd2
Nc6 28. Nb4 Nxb4 29. Bxb4 Bxb4 30. axb4 Qe8 31. Qf2 Nf6 32. Rxg7 Nxg4 33. Rxg4
1-0

[Event "Mitropa Cup (Women) 9th"]
[Site "Sibenik"]
[Date "2012.06.07"]
[Round "7"]
[White "Krivec, Jana"]
[Black "Mareckova, Martina"]
[Result "1-0"]
[WhiteElo "2251"]
[BlackElo "2089"]
[PlyCount "67"]
[EventDate "2012.05.31"]
[EventType "team-tourn"]
[EventRounds "7"]
[EventCountry "CRO"]
[Source "ChessBase"]
[SourceDate "2012.06.22"]
[WhiteTeam "Slovenia (W)"]
[BlackTeam "Czech Republic (W)"]
[WhiteTeamCountry "SLO"]
[BlackTeamCountry "CZE"]

1. e4 e5 2. Nc3 Nf6 3. Bc4 Nc6 4. d3 Na5 5. Qf3 Nxc4 6. dxc4 c6 7. Nge2 d6 8.
O-O Be6 9. b3 Be7 10. h3 O-O 11. Rd1 Qc7 12. a4 Rfd8 13. Ng3 Rac8 14. Ba3 Bf8
15. Rd3 a6 16. Rad1 b5 17. cxb5 axb5 18. axb5 d5 19. Bxf8 Kxf8 20. bxc6 d4 21.
Nb5 Qb6 22. c7 Rd7 23. c4 dxc3 24. Nxc3 Rxd3 25. Qxd3 Qxc7 26. Nd5 Qb7 27. Nxf6
gxf6 28. Nh5 Bxb3 29. Rb1 Bc4 30. Qa3+ Qe7 31. Qg3 Ke8 32. Rd1 Qf8 33. Nxf6+
Ke7 34. Qxe5+ 1-0

[Event "Mitropa Cup (Women) 9th"]
[Site "Sibenik"]
[Date "2012.06.07"]
[Round "7"]
[White "Miturova, Magdalena"]
[Black "Rozic, Vesna"]
[Result "1/2-1/2"]
[WhiteElo "2064"]
[BlackElo "2254"]
[PlyCount "130"]
[EventDate "2012.05.31"]
[EventType "team-tourn"]
[EventRounds "7"]
[EventCountry "CRO"]
[Source "ChessBase"]
[SourceDate "2012.06.22"]
[WhiteTeam "Czech Republic (W)"]
[BlackTeam "Slovenia (W)"]
[WhiteTeamCountry "CZE"]
[BlackTeamCountry "SLO"]

1. e4 e6 2. d4 d5 3. e5 c5 4. c3 Nc6 5. Nf3 Qb6 6. a3 Nh6 7. b4 cxd4 8. Bxh6
gxh6 9. cxd4 Bd7 10. Be2 Bg7 11. Nc3 Ne7 12. Na4 Bxa4 13. Qxa4+ Nc6 14. O-O O-O
15. Rad1 a6 16. Rd3 Rac8 17. Qd1 Ne7 18. Nd2 a5 19. bxa5 Qxa5 20. Nb3 Qc7 21.
Bg4 b6 22. f4 f5 23. exf6 Rxf6 24. Qe2 Qd6 25. Nd2 Rc6 26. g3 Nf5 27. Bxf5 Rxf5
28. Nf3 Rf8 29. Re3 Rc4 30. Rd1 Ra8 31. Rxe6 Qxa3 32. Rxb6 Kh8 33. Rb7 Qa4 34.
Rdb1 Re8 35. Rb8 Rcc8 36. Rxc8 Rxc8 37. Qe3 Qc2 38. Re1 Qb2 39. Ne5 Kg8 40. Nf3
Kh8 41. Kh1 Ra8 42. Ne5 Bf6 43. Nf7+ Kg7 44. Nd6 Kh8 45. Nf5 Qb4 46. Qe6 Rf8
47. Nxh6 Bxd4 48. Rd1 Qa4 49. Qe2 Bg7 50. Ng4 Re8 51. Qd3 d4 52. f5 Qc6+ 53.
Kg1 Rb8 54. f6 Bxf6 55. Nxf6 Qxf6 56. Qxd4 Qxd4+ 57. Rxd4 Rb2 58. Rf4 Kg7 59.
Rf2 Rb6 60. Kg2 Ra6 61. g4 Rb6 62. Kg3 Ra6 63. Rb2 h6 64. Kh4 Rc6 65. Rb5 Kg6
1/2-1/2